Pri vianočnom stromčeku naše najkrajšie legendy

Bibliographic Details
Main Author: Madačov, Maroš, 1912-1980 (Author, Compiler)
Other Authors: Kajlich, Aurel, 1901-1973 (Illustrator)
Format: Book
Language:Slovak
PhysicalDescription:224, [7] s. [6] obr. príl. V. 4°
Published: Trnava Spolok sv. Vojtecha 1948
Edition:2. vyd
Subjects:

MARC

LEADER 00000nam a2200000 a 4500
001 vtls008401507
003 SK-MaSNL
005 20260302041800.0
008 181121s1948 xo slo
015 |a SKSNBA19451955-012288 
035 |a SK01SNKBKSFS20020093724 
035 |a SKM000096187 
040 |a SNK  |b slo  |c SNK  |e AACR2 
041 1 |a slo 
044 |a xo  |c SK 
080 |a 885.4-3  |2 1981 
100 1 |a Madačov, Maroš,  |d 1912-1980  |4 aut  |4 com  |9 37068 
245 1 0 |a Pri vianočnom stromčeku  |b naše najkrajšie legendy  |c sost. Maroš Madačov ; (ilustr. Aurel Kailich) 
250 |a 2. vyd 
260 |a Trnava  |b Spolok sv. Vojtecha  |c 1948  |e Ružomberok  |f Lev 
300 |a 224, [7] s.  |b [6] obr. príl.  |c V. 4° 
500 |a Pramene 
500 |a Vl. m. zistené v SPSS, s. 143 
650 0 7 |a legendy, slovenské  |2 SNK  |9 62337 
655 7 |a umelecká literatúra  |2 SNKPH  |9 60405 
700 1 |a Kajlich, Aurel,  |d 1901-1973  |4 ill  |9 122415 
852 |a Slovenská národná knižnica v Martine  |b 10000  |h MS SB 1253 
958 |a RK 
958 |a TL 
999 |c 1080179  |d 1082109 
952 |a SNK  |b SNK  |y PREZ  |7 0  |p 17A1347479  |o snkSB 1253 D1  |i snkD 136/61  |8 1  |0 0  |1 0  |4 0  |d 2019-11-20  |l 0  |r 2026-02-24 16:23:11  |w 2026-02-24